000 00701nam a2200217Ia 4500
008 101110s9999 xx 000 0 und d
041 _aENGLISH
082 _bJR6390
100 _aMaharashtra state board of secondary & higher sec.education, Pune
245 _aMathenatics & statistics XII Part - II (commerce)
260 _c2010
_bMaharashtra state book of secondary & higher secondary education, Pune
300 _a159
365 _b74
520 _amathematics
546 _aENGLISH
630 _aMathenatics & statistics XII Part - II (commerce)
650 _amathematics
655 _amathematics
730 _aMathenatics & statistics XII Part - II (commerce)
942 _cBOOK
999 _c797183
_d797180